000
00340nam a2200157Ia 4500
100
_a
Halmos/George
650
_a
Roll Forming
942
_c
RB
366
_f
20
654
_a
roll forming
245
_a
Roll forming Handbook
260
_b
Taylor and francis
_a
USA
_c
2006
082
_a
671.82/HAL
_b
HAL
546
_a
ENGLISH
999
_c
20194
_d
20194